000 01081nam a22003137a 4500
001 BR6900089
003 BR-BrBNA
005 20230928083530.0
007 ta
008 230509b bl.||||| |||| 00| 0 por d
040 _aBR-BrBNA
_bpor
_cBiblioteca Nacional de Agricultura
041 _a(Por)
072 _aH20
_b1410
090 _ 1410 BR6900089
100 1 _aFerraz, S.
110 1 _aUniversidade Federal de Vicosa, MG (Brasil)
_0Tese (Magister Scientiae)
245 1 _aDeterminacao de racas de Uromyces phaseoli var. phaseoli na zona da Mata, Minas Gerais, e resistencia de variedades de Phaseolus vulgaris L. A ALGUMAS RACAS [Fungo; Ferrugem; Brasil]
260 3 _aVicosa, MG (Brasil):
_c1969.
300 _a55 p.
500 _a17 tables; 22 ref.; Summary (Por). (*) Documento disponível na(o) Universidade Federal de Vicosa, MG (Brazil)
650 _aDoenca de planta
650 _aFeijao
650 _aFungo
650 _aFerrugem
650 _aRaca fisiologica
650 _aVariedade resistente
909 _a202309
_bLucia
_c55
_dLucia Elande
942 _cBK
999 _c14008
_d14008